| 000 | 00784nam a2200217Ii 4500 | ||
|---|---|---|---|
| 003 | JO-AjNU | ||
| 008 | 230605s9999||||xx |||||||||||||| ||und|| | ||
| 017 | _a2004/7/1799 | ||
| 040 |
_aJO-AjNU _bara _erda _cJO-AjNU |
||
| 041 | _aara | ||
| 050 | 1 | 4 | _aBP130.8.R36 2005 |
| 100 | 3 |
_aتاليف الرنتاوي، محمد حسين, _eauthor _914886 |
|
| 245 | 0 | 0 | _aالعبر فيمن حفظ القرآن ولم يبلغ العشر |
| 250 | _aط1 | ||
| 264 | 3 | 1 | _aعمان: جمعية المحافظة على القران الكريم، 2005 |
| 300 | _a155ص | ||
| 336 |
_atext _btxt _2rdacontent |
||
| 337 |
_aunmediated _bn _2rdamedia |
||
| 338 |
_avolume _bnc _2rdacarrier |
||
| 650 | 4 |
_aالقران الكريم - التراجم - الاسلام - قراءات القران _914887 |
|
| 999 |
_aA4076 _c7644 _d7644 |
||